| 000 | 00397nam a2200157Ia 4500 | ||
|---|---|---|---|
| 003 | GCL | ||
| 008 | 140319s9999 xx 000 0 eng d | ||
| 040 |
_aGCL / _cGCL |
||
| 082 | 0 | 4 |
_a792 _bD T |
| 100 | 1 | _aDRAIN, RICHARD | |
| 245 | 1 | 0 |
_aTWENTIETH CENTURY THEATRE: A SOURCEBOOK / _cDRAIN, RICHARD |
| 260 |
_a[S.N] : _bROUTLEDGE ، _c1995 |
||
| 300 | _a387 P | ||
| 650 | 0 | 4 | _aDRAMA |
| 942 |
_2ddc _cBK |
||
| 999 |
_c11069 _d11069 |
||